000 00641nam a22002417a 4500
003 UA-OsUOA
001 87758
007 ta
008 20120925b un ||||| |||| 00| 0 ukr d
100 _aБратан М. І.
090 _a821.161.2
_bБ87
942 _cBK
040 _aUA-OsUOA
_bukr
_cUA-OsUOA
_dUA-OsUOA
245 _aПерепелина ніч
_bроман
300 _a240 с.
955 _a3
041 _aukr
080 _a821.161.2
020 _a5-7780-0021-9
260 _aСімферополь
_bТаврія
_c1988
650 7 _a82 Література. Літературознавство
_2UDC
999 _c374057
_d374057